[Event "FICGS W-ch st1 g07 email"]
[Site "FICGS email"]
[Date "2014.03.03"]
[Round "1"]
[White "Calvello, Simone"]
[Black "Benone, Mateia"]
[Result "0-1"]
[WhiteElo "1534"]
[BlackElo "1384"]
[PlyCount "26"]
[EventDate "2014.??.??"]
[EventType "tourn (corr)"]
[EventRounds "8"]
[SourceTitle "Corr 2022"]
[Source "ChessBase"]
[SourceDate "2021.10.24"]
[SourceVersion "1"]
[SourceVersionDate "2021.10.24"]
[SourceQuality "1"]

1. e4 e5 2. Nf3 Nf6 3. Nxe5 d6 4. Nf3 Nxe4 5. Nc3 Nxc3 6. dxc3 Be7 7. Be3 0-0 8. Qd2 c5 9. 0-0-0 Qa5 10. Bc4 Nd7 11. Bg5 Nb6 12. Bb3 Bxg5 13. Qxg5 Qa6 0-1

[Event "FICGS class D 000204 email"]
[Site "FICGS email"]
[Date "2014.02.25"]
[Round "1"]
[White "Calvello, Simone"]
[Black "Von Buttlar, Paul"]
[Result "0-1"]
[WhiteElo "1534"]
[BlackElo "1593"]
[PlyCount "26"]
[EventDate "2014.??.??"]
[EventType "tourn (corr)"]
[EventRounds "6"]
[SourceTitle "Corr 2022"]
[Source "ChessBase"]
[SourceDate "2021.10.24"]
[SourceVersion "1"]
[SourceVersionDate "2021.10.24"]
[SourceQuality "1"]

1. e4 e6 2. d4 d5 3. Nc3 Bb4 4. e5 c5 5. Bd2 Ne7 6. Nb5 Bxd2+ 7. Qxd2 0-0 8. f4 Nbc6 9. Nf3 a6 10. Nd6 cxd4 11. Bd3 f6 12. 0-0 fxe5 13. fxe5 Nxe5 0-1

[Event "FICGS W-ch st1 g12 email"]
[Site "FICGS email"]
[Date "2013.07.02"]
[Round "1"]
[White "Calvello, Simone"]
[Black "Oortwijn, Ron"]
[Result "0-1"]
[WhiteElo "1663"]
[BlackElo "2063"]
[PlyCount "32"]
[EventDate "2013.??.??"]
[EventType "tourn (corr)"]
[EventRounds "8"]
[SourceTitle "Corr 2022"]
[Source "ChessBase"]
[SourceDate "2021.10.24"]
[SourceVersion "1"]
[SourceVersionDate "2021.10.24"]
[SourceQuality "1"]

1. d4 Nf6 2. c4 g6 3. Nc3 Bg7 4. e4 d6 5. f3 0-0 6. Be3 c5 7. Nge2 Nc6 8. d5 Ne5 9. Ng3 h5 10. Be2 a6 11. 0-0 Bd7 12. Nh1 e6 13. Bg5 Qa5 14. f4 Neg4 15. dxe6 Bxe6 16. f5 Nh7 0-1

[Event "FICGS W-ch st1 g12 email"]
[Site "FICGS email"]
[Date "2013.07.02"]
[Round "1"]
[White "Kokoryukin, Sergey"]
[Black "Calvello, Simone"]
[Result "1-0"]
[WhiteElo "1920"]
[BlackElo "1663"]
[PlyCount "63"]
[EventDate "2013.??.??"]
[EventType "tourn (corr)"]
[EventRounds "8"]
[SourceTitle "Corr 2022"]
[Source "ChessBase"]
[SourceDate "2021.10.24"]
[SourceVersion "1"]
[SourceVersionDate "2021.10.24"]
[SourceQuality "1"]

1. e4 c6 2. d4 d5 3. Nc3 dxe4 4. Nxe4 Bf5 5. Ng3 Bg6 6. h4 h6 7. Nf3 Nd7 8. h5 Bh7 9. Bd3 Bxd3 10. Qxd3 e6 11. Bd2 Ngf6 12. 0-0-0 Be7 13. Kb1 0-0 14. Ne4 Nxe4 15. Qxe4 Nf6 16. Qd3 c5 17. g4 Nxg4 18. Qe2 Qd5 19. Rhg1 Qxh5 20. Rh1 Qf5 21. Nh4 Bxh4 22. Rxh4 h5 23. f3 Nf6 24. Rg1 Rfd8 25. Rg5 Qh7 26. Qe5 Nd7 27. Qh2 g6 28. Rhxh5 Qg7 29. Rg1 Nf6 30. Rh4 Rd5 31. Bg5 Re8 32. dxc5 1-0

[Event "FICGS class D 000195 email"]
[Site "FICGS email"]
[Date "2013.06.27"]
[Round "1"]
[White "Calvello, Simone"]
[Black "Joubert, Hennie"]
[Result "1-0"]
[WhiteElo "1584"]
[BlackElo "1508"]
[PlyCount "49"]
[EventDate "2013.??.??"]
[EventType "tourn (corr)"]
[EventRounds "6"]
[SourceTitle "Corr 2022"]
[Source "ChessBase"]
[SourceDate "2021.10.24"]
[SourceVersion "1"]
[SourceVersionDate "2021.10.24"]
[SourceQuality "1"]

1. d4 Nf6 2. c4 c5 3. d5 b5 4. cxb5 a6 5. bxa6 g6 6. Nc3 Bg7 7. e4 d6 8. Nf3 0-0 9. h3 Bxa6 10. Bxa6 Nxa6 11. 0-0 Qb6 12. Re1 Rfb8 13. e5 Nd7 14. e6 Nf6 15. exf7+ Kxf7 16. Ng5+ Kg8 17. Rxe7 Re8 18. Rxe8+ Rxe8 19. Ne6 Nb4 20. a3 Nfxd5 21. Nxd5 Nxd5 22. Qxd5 Kh8 23. Nxg7 Kxg7 24. b4 Re5 25. Bb2 1-0

[Event "FICGS class D 000195 email"]
[Site "FICGS email"]
[Date "2013.06.27"]
[Round "1"]
[White "Pech, Jaroslav Senior"]
[Black "Calvello, Simone"]
[Result "0-1"]
[WhiteElo "1425"]
[BlackElo "1584"]
[PlyCount "22"]
[EventDate "2013.??.??"]
[EventType "tourn (corr)"]
[EventRounds "6"]
[SourceTitle "Corr 2022"]
[Source "ChessBase"]
[SourceDate "2021.10.24"]
[SourceVersion "1"]
[SourceVersionDate "2021.10.24"]
[SourceQuality "1"]

1. e4 c6 2. d4 d5 3. Nc3 dxe4 4. Nxe4 Bf5 5. Ng3 Bg6 6. h4 h6 7. Nf3 Nd7 8. h5 Bh7 9. Bd3 Bxd3 10. Qxd3 e6 11. Bf4 Bb4+ 0-1

[Event "FICGS rapid C 000111 email"]
[Site "FICGS email"]
[Date "2013.03.09"]
[Round "1"]
[White "Michow, Jordan"]
[Black "Calvello, Simone"]
[Result "0-1"]
[WhiteElo "1641"]
[BlackElo "1529"]
[PlyCount "38"]
[EventDate "2013.??.??"]
[EventType "tourn (rapid)"]
[EventRounds "4"]
[SourceTitle "Corr 2022"]
[Source "ChessBase"]
[SourceDate "2021.10.24"]
[SourceVersion "1"]
[SourceVersionDate "2021.10.24"]
[SourceQuality "1"]

1. e4 e5 2. Nf3 Nc6 3. Bb5 Nf6 4. d3 Bc5 5. Bxc6 dxc6 6. h3 Nd7 7. 0-0 0-0 8. c3 Re8 9. b4 Bf8 10. Be3 a5 11. bxa5 Nc5 12. Bxc5 Bxc5 13. d4 exd4 14. cxd4 Bb4 15. e5 Be6 16. Nbd2 Rxa5 17. Nb3 Ra3 18. Qc2 Qe7 19. Rfd1 Rea8 0-1

[Event "FICGS rapid C 000111 email"]
[Site "FICGS email"]
[Date "2013.03.09"]
[Round "1"]
[White "Satonnet, Patrick"]
[Black "Calvello, Simone"]
[Result "1-0"]
[WhiteElo "1641"]
[BlackElo "1529"]
[PlyCount "49"]
[EventDate "2013.??.??"]
[EventType "tourn (rapid)"]
[EventRounds "4"]
[SourceTitle "Corr 2022"]
[Source "ChessBase"]
[SourceDate "2021.10.24"]
[SourceVersion "1"]
[SourceVersionDate "2021.10.24"]
[SourceQuality "1"]

1. d4 Nf6 2. c4 e6 3. Nc3 Bb4 4. e3 b6 5. Nge2 Ba6 6. a3 Be7 7. Nf4 d5 8. b3 c6 9. Bb2 0-0 10. Bd3 Nbd7 11. 0-0 dxc4 12. bxc4 c5 13. Qe2 cxd4 14. exd4 Bb7 15. Rad1 Qc7 16. Nh5 Nxh5 17. Qxh5 Nf6 18. Qh3 g6 19. Rfe1 h5 20. Nb5 Qd8 21. d5 exd5 22. Rxe7 Qxe7 23. Qh4 d4 24. Qxd4 Kg7 25. Bf1 1-0

[Event "FICGS class D 000191 email"]
[Site "FICGS email"]
[Date "2013.02.28"]
[Round "1"]
[White "Calvello, Simone"]
[Black "Strohmeier, Josef"]
[Result "1-0"]
[WhiteElo "1529"]
[BlackElo "1430"]
[PlyCount "49"]
[EventDate "2013.??.??"]
[EventType "tourn (corr)"]
[EventRounds "6"]
[SourceTitle "Corr 2022"]
[Source "ChessBase"]
[SourceDate "2021.10.24"]
[SourceVersion "1"]
[SourceVersionDate "2021.10.24"]
[SourceQuality "1"]

1. e4 c5 2. Nc3 Nc6 3. g3 g6 4. Bg2 Bg7 5. d3 d6 6. f4 a6 7. Nh3 Nf6 8. Nf2 0-0 9. 0-0 Nd4 10. Ne2 Bg4 11. Nxg4 Nxg4 12. h3 Nf6 13. c3 Nxe2+ 14. Qxe2 Qc7 15. g4 Nd7 16. Be3 Rab8 17. d4 b5 18. e5 a5 19. Qf2 b4 20. Rac1 Rfc8 21. cxb4 axb4 22. f5 dxe5 23. dxc5 Nf6 24. fxg6 hxg6 25. g5 1-0

[Event "FICGS rapid C 000110 email"]
[Site "FICGS email"]
[Date "2013.02.21"]
[Round "1"]
[White "Calvello, Simone"]
[Black "Conde, Julio"]
[Result "1-0"]
[WhiteElo "1529"]
[BlackElo "1531"]
[PlyCount "37"]
[EventDate "2013.??.??"]
[EventType "tourn (rapid)"]
[EventRounds "4"]
[SourceTitle "Corr 2022"]
[Source "ChessBase"]
[SourceDate "2021.10.24"]
[SourceVersion "1"]
[SourceVersionDate "2021.10.24"]
[SourceQuality "1"]

1. e4 c5 2. Nc3 Nc6 3. g3 Nf6 4. Bg2 e5 5. d3 d6 6. f4 Bg4 7. Nce2 Nd4 8. c3 Nxe2 9. Nxe2 Be7 10. h3 Bxe2 11. Qxe2 Qc7 12. 0-0 0-0 13. Qf2 Rad8 14. Be3 b6 15. a4 a5 16. Kh2 d5 17. fxe5 Qxe5 18. Bf4 Qe6 19. exd5 1-0

[Event "FICGS rapid C 000110 email"]
[Site "FICGS email"]
[Date "2013.02.21"]
[Round "1"]
[White "Cridland, Graham M"]
[Black "Calvello, Simone"]
[Result "0-1"]
[WhiteElo "1608"]
[BlackElo "1529"]
[PlyCount "74"]
[EventDate "2013.??.??"]
[EventType "tourn (rapid)"]
[EventRounds "4"]
[SourceTitle "Corr 2022"]
[Source "ChessBase"]
[SourceDate "2021.10.24"]
[SourceVersion "1"]
[SourceVersionDate "2021.10.24"]
[SourceQuality "1"]

1. e4 e5 2. Nf3 Nc6 3. Bb5 Nf6 4. 0-0 Nxe4 5. d4 Nd6 6. Bxc6 dxc6 7. dxe5 Nf5 8. Qxd8+ Kxd8 9. Nc3 Bd7 10. b3 b6 11. Bb2 Kc8 12. h3 h5 13. Ng5 Be8 14. Nce4 Be7 15. Rfe1 Rh6 16. Rad1 Rg6 17. Nf3 Kb7 18. Nd4 Nxd4 19. Bxd4 c5 20. Bb2 Rd8 21. c4 Rxd1 22. Rxd1 Bc6 23. Re1 a5 24. f3 a4 25. Re3 axb3 26. axb3 Bd7 27. Nc3 Bxh3 28. Re2 Bf5 29. Nd5 Bg5 30. f4 Bh4 31. Ne3 Bd7 32. Nd5 Rg3 33. Re3 c6 34. Rxg3 Bxg3 35. Ne7 Bxf4 36. Kf2 Bg5 37. Ng8 Be6 0-1

[Event "FICGS class B 000124 email"]
[Site "FICGS email"]
[Date "2010.09.16"]
[Round "1"]
[White "Calvello, Simone"]
[Black "Germanes, Ramil"]
[Result "0-1"]
[WhiteElo "1828"]
[BlackElo "1980"]
[PlyCount "34"]
[EventDate "2010.??.??"]
[EventType "tourn (corr)"]
[EventRounds "1"]
[SourceTitle "Corr 2013"]
[Source "ChessBase"]
[SourceDate "2012.11.12"]
[SourceVersion "1"]
[SourceVersionDate "2012.11.12"]
[SourceQuality "1"]

1. e4 c5 2. Nf3 Nc6 3. d4 cxd4 4. Nxd4 Nf6 5. Nc3 e5 6. Ndb5 d6 7. Bg5 a6 8. Na3 b5 9. Bxf6 gxf6 10. Nd5 f5 11. c3 Bg7 12. exf5 Bxf5 13. Nc2 0-0 14. Nce3 Be6 15. Bd3 f5 16. 0-0 Rb8 17. Bc2 Qd7 0-1

[Event "FICGS class C 000147 email"]
[Site "FICGS email"]
[Date "2010.06.04"]
[Round "1"]
[White "Calvello, Simone"]
[Black "Kokoryukin, Sergey"]
[Result "0-1"]
[WhiteElo "1600"]
[BlackElo "1800"]
[PlyCount "56"]
[EventDate "2010.??.??"]
[EventType "tourn (corr)"]
[EventRounds "6"]
[SourceTitle "Corr 2013"]
[Source "ChessBase"]
[SourceDate "2012.11.12"]
[SourceVersion "1"]
[SourceVersionDate "2012.11.12"]
[SourceQuality "1"]

1. d4 d5 2. c4 e6 3. Nc3 Nf6 4. Bg5 Be7 5. Nf3 c6 6. e3 0-0 7. Qc2 Nbd7 8. 0-0-0 a5 9. e4 h6 10. Bf4 Nxe4 11. Nxe4 dxe4 12. Qxe4 Nf6 13. Qc2 b5 14. c5 Nd5 15. Bd2 Nb4 16. Bxb4 axb4 17. Ne5 Rxa2 18. Nxc6 Ra1+ 19. Kd2 Rxd1+ 20. Kxd1 Qc7 21. Nxe7+ Qxe7 22. Qe4 Rd8 23. Bd3 f5 24. Qe3 Qf6 25. Kc1 f4 26. Qe4 Rxd4 27. Qh7+ Kf7 28. Rd1 e5 0-1

[Event "FICGS class C 000147 email"]
[Site "FICGS email"]
[Date "2010.06.04"]
[Round "1"]
[White "Calvello, Simone"]
[Black "Moreno, Ciro Angel"]
[Result "0-1"]
[WhiteElo "1600"]
[BlackElo "1615"]
[PlyCount "34"]
[EventDate "2010.??.??"]
[EventType "tourn (corr)"]
[EventRounds "6"]
[SourceTitle "Corr 2013"]
[Source "ChessBase"]
[SourceDate "2012.11.12"]
[SourceVersion "1"]
[SourceVersionDate "2012.11.12"]
[SourceQuality "1"]

1. e4 c5 2. Nf3 e6 3. d4 cxd4 4. Nxd4 Nf6 5. Nc3 Bb4 6. e5 Nd5 7. Bd2 Nxc3 8. bxc3 Ba5 9. Qg4 0-0 10. Bd3 d6 11. Nf3 f5 12. exf6 Rxf6 13. 0-0 h6 14. Qe4 Kf7 15. Rad1 Nd7 16. Be2 Nc5 17. Qd4 Qe7 0-1

[Event "FICGS rapid C 000087 email"]
[Site "FICGS email"]
[Date "2010.05.16"]
[Round "1"]
[White "Calvello, Simone"]
[Black "Nguyen, Hao Nhien"]
[Result "1-0"]
[WhiteElo "1600"]
[BlackElo "1575"]
[PlyCount "55"]
[EventDate "2010.??.??"]
[EventType "tourn (rapid)"]
[EventRounds "6"]
[SourceTitle "Corr 2013"]
[Source "ChessBase"]
[SourceDate "2012.11.12"]
[SourceVersion "1"]
[SourceVersionDate "2012.11.12"]
[SourceQuality "1"]

1. e4 e5 2. Nf3 Nc6 3. d4 exd4 4. Nxd4 Qh4 5. Nc3 Bb4 6. Be2 Qxe4 7. Ndb5 Bxc3+ 8. bxc3 Kd8 9. 0-0 a6 10. Bf3 Qg6 11. Nd4 Nge7 12. Re1 Qd6 13. Nxc6+ bxc6 14. Qxd6 cxd6 15. Ba3 Ng6 16. Bxd6 a5 17. Rad1 Ra6 18. Rb1 Ra8 19. h4 Re8 20. Rxe8+ Kxe8 21. Re1+ Kd8 22. h5 Nh8 23. Bf8 f5 24. Bxg7 Nf7 25. Bf6+ Kc7 26. Re7 Nd8 27. Rxh7 Rb8 28. Be5+ 1-0

[Event "FICGS rapid C 000087 email"]
[Site "FICGS email"]
[Date "2010.05.16"]
[Round "1"]
[White "Romanazzi, Dante Horacio"]
[Black "Calvello, Simone"]
[Result "0-1"]
[WhiteElo "1596"]
[BlackElo "1600"]
[PlyCount "46"]
[EventDate "2010.??.??"]
[EventType "tourn (rapid)"]
[EventRounds "6"]
[SourceTitle "Corr 2013"]
[Source "ChessBase"]
[SourceDate "2012.11.12"]
[SourceVersion "1"]
[SourceVersionDate "2012.11.12"]
[SourceQuality "1"]

1. d4 Nf6 2. Nc3 d5 3. e3 Bf5 4. f3 e6 5. h4 h5 6. Bd3 Bd6 7. Nge2 Bxd3 8. cxd3 0-0 9. Bd2 c6 10. 0-0 Nh7 11. Be1 Nd7 12. f4 Nhf6 13. a3 Ng4 14. Qd2 Qf6 15. g3 Qg6 16. Kg2 Nh6 17. Ng1 Nf5 18. Qe2 Nxh4+ 19. Kh3 Nf5 20. Kh2 Nf6 21. Nh3 Nxe3 22. Qxe3 Ng4+ 23. Kh1 Nxe3 0-1